[Event "GER-chT U16 Girls"]
[Site "Magdeburg"]
[Date "2023.12.30"]
[Round "7.5"]
[White "Agalykova, Angelina"]
[Black "Chen, Michelle"]
[Result "1-0"]
[WhiteElo "1542"]
[BlackElo "1011"]
[PlyCount "83"]
[EventDate "2023.12.26"]
[EventType "team-swiss"]
[EventRounds "7"]
[EventCountry "GER"]
[SourceTitle "CB03_2024"]
[SourceDate "2024.01.17"]
[SourceVersion "1"]
[SourceVersionDate "2024.01.17"]
[SourceQuality "1"]
[WhiteTeam "Hohentuebingen"]
[BlackTeam "Norderstedt"]
[WhiteTeamCountry "GER"]
[BlackTeamCountry "GER"]

1. e4 c5 2. Nc3 d6 3. g3 Nc6 4. Bg2 g6 5. d3 e6 6. f4 Bg7 7. Nf3 Nge7 8. h3 f5 9. 0-0 0-0 10. g4 h6 11. Ne2 b5 12. Ng3 b4 13. exf5 gxf5 14. Nh4 Nd5 15. Nhxf5 Bb7 16. Nxg7 Kxg7 17. Nh5+ Kh8 18. f5 Nf6 19. Nf4 Rf7 20. Nxe6 Qb6 21. Bxh6 c4+ 22. Kh1 Nd4 23. Nf4 Bxg2+ 24. Kxg2 Qc6+ 25. Kh2 Nd5 26. dxc4 Qxc4 27. Nxd5 Qxd5 28. c3 bxc3 29. bxc3 Rh7 30. Qxd4+ Qxd4 31. cxd4 Rxh6 32. g5 Rh4 33. Kg3 Rxd4 34. Rad1 Ra4 35. Rxd6 Rc8 36. Rfd1 Rc3+ 37. R1d3 Rxd3+ 38. Rxd3 Rxa2 39. Rd7 Ra3+ 40. Kg4 Ra4+ 41. Kh5 Rf4 42. Kg6 1-0

[Event "KGZ-ch FL (Women)"]
[Site "Bishkek"]
[Date "2021.02.08"]
[Round "6"]
[White "Agalykova, Angelina"]
[Black "Tabyldieva, Asema"]
[Result "1-0"]
[WhiteElo "1123"]
[BlackElo "1151"]
[PlyCount "127"]
[EventDate "2021.02.03"]
[EventType "swiss"]
[EventRounds "7"]
[EventCountry "KGZ"]
[SourceTitle "EXT 2022"]
[Source "ChessBase"]
[SourceDate "2021.10.06"]
[SourceVersion "1"]
[SourceVersionDate "2021.10.06"]
[SourceQuality "1"]

1. e4 e5 2. Nf3 Nc6 3. Bc4 Nf6 4. Ng5 d5 5. exd5 Na5 6. Bb5+ c6 7. dxc6 bxc6 8. Bd3 h6 9. Ne4 Be7 10. 0-0 0-0 11. Nbc3 Nd5 12. Re1 Re8 13. Ng3 Bg5 14. Qf3 Nf6 15. h3 Bb7 16. Nge4 c5 17. a3 c4 18. Nxf6+ Qxf6 19. Qxf6 Bxf6 20. Be4 Rad8 21. d3 Bxe4 22. dxe4 Nc6 23. Nd5 Nd4 24. Ne3 Bg5 25. c3 Bxe3 26. cxd4 Bxd4 27. Re2 a5 28. Rc2 Rc8 29. Bd2 Rc5 30. Rac1 Rec8 31. Kf1 g5 32. Ke2 Kg7 33. Be3 Kg6 34. b3 c3 35. Kd3 Rd8 36. Ke2 Rb8 37. Kd3 Bxe3 38. fxe3 Rd8+ 39. Ke2 Rdc8 40. b4 axb4 41. axb4 R5c7 42. b5 Rb8 43. Rxc3 Rxc3 44. Rxc3 Rxb5 45. Rc6+ f6 46. Kf3 h5 47. Rc8 Rb7 48. Rg8+ Rg7 49. Rxg7+ Kxg7 50. Ke2 g4 51. h4 Kg6 52. g3 Kf7 53. Kd3 Ke6 54. Kc4 Kd6 55. Kb4 Ke6 56. Ka5 Kd6 57. Kb6 Ke6 58. Kc6 f5 59. exf5+ Kxf5 60. Kd5 Kf6 61. e4 Ke7 62. Kxe5 Kf7 63. Kd6 Kf8 64. Kd7 1-0

[Event "KGZ-ch FL (Women)"]
[Site "Bishkek"]
[Date "2021.02.05"]
[Round "3"]
[White "Kasymova, Eliza"]
[Black "Agalykova, Angelina"]
[Result "1-0"]
[WhiteElo "1275"]
[BlackElo "1123"]
[PlyCount "103"]
[EventDate "2021.02.03"]
[EventType "swiss"]
[EventRounds "7"]
[EventCountry "KGZ"]
[SourceTitle "EXT 2022"]
[Source "ChessBase"]
[SourceDate "2021.10.06"]
[SourceVersion "1"]
[SourceVersionDate "2021.10.06"]
[SourceQuality "1"]

1. d4 Nf6 2. Nf3 b6 3. c4 e6 4. Bg5 h6 5. Bh4 Ba6 6. e3 Bb7 7. Nbd2 d5 8. cxd5 exd5 9. Bd3 Be7 10. Qa4+ Nbd7 11. Ne5 0-0 12. Nc6 Qe8 13. Nxe7+ Qxe7 14. Rc1 c5 15. 0-0 c4 16. Bf5 Qd6 17. Bg3 Qe7 18. b3 a5 19. bxc4 dxc4 20. Nxc4 Rfd8 21. Bd6 Qe8 22. Bc7 b5 23. Qxb5 Ba6 24. Qc6 Bxc4 25. Bxd8 Bd5 26. Bxd7 Qe4 27. Qxd5 Nxd5 28. Bc7 Ra7 29. Bc6 Qe6 30. Be5 Nb4 31. Be4 Nxa2 32. Rc6 Qe8 33. Rb1 Nb4 34. Rb6 f6 35. Rb8 Qxb8 36. Bxb8 Ra6 37. Rc1 a4 38. Bg6 Rc6 39. Rxc6 Nxc6 40. Bd6 Na5 41. Be4 Kf7 42. Bd5+ Ke8 43. Bb4 Nb3 44. Bxb3 axb3 45. Ba3 Kd7 46. Kf1 Kc6 47. Ke2 Kd5 48. Kd3 f5 49. f3 g5 50. e4+ fxe4+ 51. fxe4+ Ke6 52. d5+ 1-0

[Event "KGZ-ch FL (Women)"]
[Site "Bishkek"]
[Date "2021.02.04"]
[Round "2"]
[White "Makeeva, Bermet"]
[Black "Agalykova, Angelina"]
[Result "0-1"]
[WhiteElo "1157"]
[BlackElo "1123"]
[PlyCount "48"]
[EventDate "2021.02.03"]
[EventType "swiss"]
[EventRounds "7"]
[EventCountry "KGZ"]
[SourceTitle "EXT 2022"]
[Source "ChessBase"]
[SourceDate "2021.10.06"]
[SourceVersion "1"]
[SourceVersionDate "2021.10.06"]
[SourceQuality "1"]

1. e4 c5 2. Nf3 e6 3. c4 Nc6 4. d4 cxd4 5. Nxd4 Bc5 6. Nxc6 bxc6 7. Be2 Nf6 8. Bd3 d5 9. exd5 cxd5 10. 0-0 0-0 11. Nc3 dxc4 12. Bxc4 Bb7 13. Na4 Bd4 14. Qd3 Be5 15. Qe2 Qc7 16. f4 Bd4+ 17. Kh1 Rac8 18. Bd3 Qc6 19. Nc3 Rfd8 20. Bd2 Bxc3 21. Bxc3 Rxd3 22. Kg1 Qe4 23. Qf2 Ng4 24. Qh4 Qxg2# 0-1

[Event "KGZ Olimp U16 qual"]
[Site "Bishkek"]
[Date "2019.09.08"]
[Round "7"]
[White "Sezdbekova, Nazira"]
[Black "Agalykova, Angelina"]
[Result "0-1"]
[WhiteElo "1108"]
[BlackElo "1122"]
[PlyCount "110"]
[EventDate "2019.09.05"]
[EventType "swiss"]
[EventRounds "9"]
[EventCountry "KGZ"]
[SourceTitle "CBM 195 Extra"]
[Source "ChessBase"]
[SourceDate "2020.05.31"]
[SourceVersion "1"]
[SourceVersionDate "2020.05.31"]
[SourceQuality "1"]

1. e4 e5 2. Nf3 Nf6 3. Nc3 Nc6 4. Bc4 Bb4 5. a3 Bxc3 6. dxc3 0-0 7. Bg5 d6 8. h3 h6 9. Bh4 Be6 10. Bd5 Bd7 11. Qd3 a6 12. 0-0-0 Qe7 13. g4 Nd8 14. g5 hxg5 15. Bxg5 c6 16. Bb3 d5 17. exd5 e4 18. Rde1 Qd6 19. Qe3 exf3 20. Qxf3 Nxd5 21. Bxd5 Qxd5 22. Qg3 Ne6 23. Be7 Rfe8 24. Rd1 Qe4 25. Rhe1 Qa4 26. Rxd7 c5 27. Red1 Nd4 28. R7xd4 cxd4 29. Rxd4 Qc6 30. Bh4 Qh1+ 31. Rd1 Re1 32. Qg4 f6 33. Qc4+ Kh8 34. Qd4 Rae8 35. f4 Rxd1+ 36. Qxd1 Qxd1+ 37. Kxd1 Re3 38. Bf2 Rxh3 39. Ke2 Kg8 40. c4 Kf7 41. Be3 Ke6 42. c3 Rh2+ 43. Bf2 g5 44. fxg5 fxg5 45. Kf3 Kf5 46. Kg3 Rh1 47. b4 Ra1 48. Bd4 Rxa3 49. c5 g4 50. Bg7 Ra1 51. Bd4 Rd1 52. Kf2 Kf4 53. Be3+ Ke4 54. Ke2 Rb1 55. Bd4 g3 0-1

[Event "KGZ Olimp U16 qual"]
[Site "Bishkek"]
[Date "2019.09.06"]
[Round "3"]
[White "Agalykova, Angelina"]
[Black "Lee, Dariya"]
[Result "1/2-1/2"]
[WhiteElo "1122"]
[BlackElo "1451"]
[PlyCount "78"]
[EventDate "2019.09.05"]
[EventType "swiss"]
[EventRounds "9"]
[EventCountry "KGZ"]
[SourceTitle "CBM 195 Extra"]
[Source "ChessBase"]
[SourceDate "2020.05.31"]
[SourceVersion "1"]
[SourceVersionDate "2020.05.31"]
[SourceQuality "1"]

1. e4 d6 2. Nc3 g6 3. g3 Bg7 4. Bg2 Nf6 5. d3 0-0 6. h3 Nc6 7. Be3 e5 8. Qd2 a6 9. Bh6 Nd4 10. Bxg7 Kxg7 11. f4 c5 12. Nge2 b5 13. 0-0 b4 14. Nd1 Nh5 15. Nxd4 cxd4 16. Qf2 Bd7 17. b3 Rc8 18. Nb2 f5 19. exf5 Rxf5 20. Nc4 Be6 21. Qe1 Bxc4 22. dxc4 exf4 23. g4 Re5 24. Qd2 Ng3 25. Rfe1 Qf6 26. Qxb4 Rc7 27. Bf3 Re3 28. Kg2 Rce7 29. Qd2 d3 30. c3 Qh4 31. Qf2 d2 32. Rxe3 fxe3 33. Qxg3 Qxg3+ 34. Kxg3 e2 35. Bxe2 Rxe2 36. Rd1 Kf6 37. Kf3 Rh2 38. Kg3 Re2 39. Kf3 Rh2 1/2-1/2